Acronymes - 4 lettres - E - Statistiques

Statistiques générales
  • Ce quiz a été pris 22 fois
  • Le résultat moyen est 12 sur 36
Statistiques - réponses
HINT ANSWER % Correct
ENPC École
76%
ENSM École
76%
ENST École
76%
EPFL École
76%
ESTP École
76%
Nationale
76%
Nationale
76%
Nationale
76%
Public
57%
Supérieure
57%
Supérieure
57%
Limitée
52%
Responsabilité
52%
EPCI Établissement
43%
Publics
38%
Travaux
33%
Polytechnique
29%
Intercommunale
24%
Coopération
19%
Lausanne
19%
Chaussées
14%
Fédérale
14%
Ponts
14%
Agricole
10%
Before
10%
EBIT Earnings
10%
EARL Exploitation
10%
Interest
10%
Spéciale
10%
Taxes
10%
Télécommunications
10%
EADS European
5%
Mines
5%
Aeronautic
0%
Defence
0%
Space
0%
Aucun quiz correspondant
Distribution des résultats
% des personnes avec chaque résultat
Percentile par nombre de réponses
Votre historique - résultats
Vous n’avez pas pris ce quiz